000 00219nam a22000857a 4500
008 161201b xxu||||| |||| 00| 0 eng d
100 _91691
_aShamsi,K.N.,etal
245 _aComputers Update
260 _aNew Delhi
_bCordova
_c2006
999 _c4403
_d4403